| 000 | 00418nam a2200181Ia 4500 | ||
|---|---|---|---|
| 005 | 20250423094558.0 | ||
| 008 | 250422s9999 xx 000 0 und d | ||
| 020 | _a0-553-10963-4 | ||
| 050 | _aPS3523A446B45 | ||
| 100 | _alouis l'amour | ||
| 245 | 0 | _aBeyond the great snow mountains | |
| 260 | _aNew York | ||
| 260 | _bBantam Books | ||
| 260 | _c1999 | ||
| 300 | _a282 p | ||
| 650 | _aadventures | ||
| 942 | _cBK | ||
| 999 |
_c27666 _d27666 |
||